Supermarkt-Logos - Statistiken

Allgemein
  • Dieses Quiz wurde 440 mal gespielt
  • Das Durchschnittsergebnis liegt bei 7 aus 8
Antwortstatistiken
Bildquiz Antwort % Korrekt
REWE
100%
EDEKA
99%
ALDI
97%
Kaufland
96%
Lidl
96%
PENNY
93%
Netto
91%
NORMA
74%
Keine übereinstimmenden Quizze gefunden
Verteilung der Resultate
Anzahl Personen mit jedem Resultat
Perzentil nach korrekt beantworteten Fragen
Ihre Resultats-Entwicklung
Sie haben dieses Quiz noch nicht gespielt